Matrimonio concordatario e tutela giurisdizionale (Record n. 209538)
[ formato base ]
| 000 -LEADER | |
|---|---|
| fixed length control field | 00961nam a2200205Ia 4500 |
| 001 - CONTROL NUMBER | |
| control field | c148-25321 [4328] |
| 003 - CONTROL NUMBER IDENTIFIER | |
| control field | IT-MiCISF |
| 008 - FIXED-LENGTH DATA ELEMENTS--GENERAL INFORMATION | |
| fixed length control field | 161014s9999||||xx |||||||||||||| ||und|| |
| 040 ## - CATALOGING SOURCE | |
| Original cataloging agency | IT-MiCISF |
| Transcribing agency | IT-MiCISF |
| 041 ## - LANGUAGE CODE | |
| Language code of text/sound track or separate title | it |
| 999 ## - SYSTEM CONTROL NUMBERS (KOHA) | |
| Koha Dewey Subclass [OBSOLETE] | si |
| 100 ## - MAIN ENTRY--PERSONAL NAME | |
| Personal name | Cipriani Franco (a cura di) |
| 245 #0 - TITLE STATEMENT | |
| Title | Matrimonio concordatario e tutela giurisdizionale |
| 250 ## - EDITION STATEMENT | |
| Edition statement | 1a ed. |
| 260 ## - PUBLICATION, DISTRIBUTION, ETC. (IMPRINT) | |
| Place of publication, distribution, etc. | Napoli |
| Name of publisher, distributor, etc. | Edizioni Scientifiche Italiane |
| Date of publication, distribution, etc. | 1992 |
| 300 ## - PHYSICAL DESCRIPTION | |
| Extent | pp. 264 |
| 500 ## - GENERAL NOTE | |
| General note | Balena G., Ballarino T., Barbiera L., Bordonali S., Cannone A., Carbone V., Ciliento L., Cipriani F., Colaianni N., Conserva D., Costantino G., Dammacco G., Finocchiaro F., Garofalo L., Grasso E., Liberti L., Margiotta Broglio F., Proto Pisani A., Starace V., Trisorio Liuzzi G., Troccoli L., Vaccarella R., Vitale A. / matrimonio-sacramento, diritto, diritto-canonico, divorzio, nullità, legislazione, rapporti-patrimoniali / |
| 650 ## - SUBJECT ADDED ENTRY--TOPICAL TERM | |
| Topical term or geographic name as entry element | matrimonio |
| 942 ## - ADDED ENTRY ELEMENTS (KOHA) | |
| Koha item type | LIBRO |
| 957 ## - | |
| -- | 1 |
| 999 ## - SYSTEM CONTROL NUMBERS (KOHA) | |
| -- | 1 |
| Withdrawn status | Lost status | Damaged status | Not for loan | Home library | Current library | Date acquired | Total Checkouts | Full call number | Date last seen | Price effective from | Koha item type | Public note |
|---|---|---|---|---|---|---|---|---|---|---|---|---|
| Buone Condizioni | Not For Loan | CISF - Milano | CISF - Milano | 14/10/2016 | c148-25321 [4328] | 14/10/2016 | 14/10/2016 | LIBRO | Data import 15.10.2016 / by Epidotti, Vaglietti |